000 00542nam a2200217Ia 4500
003 OSt
005 20220928142407.0
006 a|||||r|||| 00| 0
007 ta
008 220927b |||||||| |||| 00| 0 eng d
024 _a19525
037 _cTextual
040 _aSDCL
_cSDCL
_beng
041 _2eng
_aeng
082 _aP(2)44'D, P5
100 _aMishra Vindhyesvari Prasad
_9503489
245 0 _aVatayan.
260 _c2005
942 _hP(2)44'D, P5
_cTEXL
_2CC
999 _c821695
_d821695